Statistiken für Kolonialismus und Imperialismus Quiz

Klicken Sie hier um das Quiz zu spielen!

Allgemein

  • Dieses Quiz wurde 47 mal gespielt
  • Das Durchschnittsergebnis liegt bei 9 aus 12

Antwortstatistiken

HinweisAntwort% Korrekt
Welches Land kontrollierte das größte Kolonialreich in Afrika?Frankreich
98%
Welches Land war die führende Kolonialmacht im 19. Jahrhundert?Großbritannien
98%
Welche europäische Nation kontrollierte das größte Kolonialreich in Südamerika?Portugal
98%
Welche europäische Nation kontrollierte Indonesien?Niederlande
96%
Welches europäische Land kontrollierte die Kolonie Neuguinea?Deutschland
93%
Welches asiatische Land wurde von Großbritannien während des Opiumkriegs kolonisiert?China
84%
Welche asiatische Nation konnte sich erfolgreich dem Kolonialismus widersetzen?Japan
82%
Welches asiatische Land wurde 1895 von Japan kolonisiert?Korea
80%
Welche Region war als "das Juwel in der Krone" bekannt?Indien
71%
Welches Land war das Ziel des Boer-Krieges zwischen Großbritannien und den Buren?Südafrika
60%
Welches Land wurde als "Sick Man of Europe" bezeichnet und war Ziel imperialistischer Ambitionen?Osmanisches Reich
36%
Welche Doktrin legte fest, dass die Vereinigten Staaten in Lateinamerika intervenieren würden, um ihre Interessen zu schützen?Monroe-Doktrin
29%

Verteilung der Resultate

Perzentil nach korrekt beantworteten Fragen

Anzahl Personen mit jedem Resultat

Ihre Resultats-Entwicklung

Sie haben dieses Quiz noch nicht gespielt